Latín 2 B.U.P.

Gespeichert in:
Bibliographische Detailangaben
1. Verfasser: Recio, Tomás de la A
Format: Buch
Sprache:Latein
Erschienen: Zaragoza Luis Vives 1992
Katalog:MANES:  Suchergebnis im Bibliothekskatalog
Schulbuchspezifische Eigenschaften:
Tags: Tag hinzufügen
Keine Tags, Fügen Sie den ersten Tag hinzu!
Hinzugefügt zu:13.05.2021
Geändert in:07.05.2025

MARC

LEADER 00000nam a22000007a 4500
005 20250507133430.0
008 210514b ||||| |||| 00| 0 lat d
040 |a centro_manes  |c Centro_internacional de la cultura escolar 
100 |9 35928  |a Recio, Tomás de la A 
245 |a Latín 2 B.U.P. 
260 |a Zaragoza  |b Luis Vives  |c 1992 
300 |a 319 p.  |c 25 x 19 cm  
500 |a Contiene ilustraciones a dos tintas y en blanco y negro y ejercicios para el alumno. 
546 |a España 
561 |5 es-CICE  |3 FMa/LC29  |a España. Centro Internacional de la Cultura Escolar  |k MANES 
690 0 |a LC 
691 0 |a SE 
942 |2 ddc  |c BK 
999 |c 92147  |d 92147 
999 |c manes:92147  |d 92147